000 01080nam a2200241 i 4500
001 121768
003 ES-MaACL
005 20250630235328.0
007 t|
008 070214s1964 sp r ||||1| spa d
245 0 0 _aPleitos colombinos /
_cedicion de Antonio Muro Orejon, Florentino Pérez Embid, Francisco Morales Padron ; version y revision paleografica de Jose Llavador Mira... [et al.].
_n, . VIII,
_pRollo del proceso sobre la apelacion de la sentencia de Dueñas, 1534-1536.
260 _aSevilla :
_bEscuela de Estudios Hispanoamericanos,
_c1964.
300 _a1 v. ;
_c26 cm.
600 1 4 _aColón, Cristóbal.
_939869
700 1 _aMuro Orejón, Antonio.
_984616
700 1 _aPérez-Embid, Florentino,
_d1918-1974
_990840
700 1 _aMorales Padrón, Francisco,
_d1924-2010
_983066
700 1 _aLlavador Mira, José.
_972733
710 2 _aEscuela de Estudios Hispano-Americanos (Sevilla)
_9134366
740 0 _aRollo del proceso sobre la apelacion de la sentencia de Dueñas, 1534-1536.
852 _aES-MaACL
_jP-1049-Ter
999 _c121768
_d121768